| 000 | 01110nam a2200277 a 4500 | ||
|---|---|---|---|
| 001 | 40100 | ||
| 003 | BD-RjUL | ||
| 005 | 20211209053133.0 | ||
| 008 | 160423r19941974bg ||||| |||| 00| 0 ben d | ||
| 020 | _c: IRs. 50.00 (V-2) | ||
| 020 | _c: IRs. 50.00 (V-1) | ||
| 020 | _c: IRs 40.00 (V-4) | ||
| 020 | _c: IRs 60.00 (V-7) | ||
| 035 | _a(BD-RjUL)40215 | ||
| 040 |
_aBD-RjUL _bben _cBD-RjUL |
||
| 041 | _aben | ||
| 082 |
_223 _a891.4408 _bTAA 1985-1994 |
||
| 100 |
_aঠাকুর, অবনীন্দ্রনাথ _9121196 |
||
| 245 | 1 | 0 |
_aঅবনীন্দ্র রচনাবলী / _cঅবনীন্দ্রনাথ ঠাকুর |
| 260 |
_aকলিকাতা : _bপ্রকাশ ভবন, _c১৯৭৪-১৯৯৪ |
||
| 300 |
_aখণ্ড : _bচিত্র ; _c২১ সেমি |
||
| 505 | 0 | _aখণ্ড ১ ---খণ্ড ২ -- খণ্ড ৩ -- খণ্ড ৬-- খণ্ড ৭ -- | |
| 650 |
_aবাংলা সাহিত্য _xসংগ্রহ _9122902 |
||
| 650 |
_aBengali Literature _xCollected Work _9122903 |
||
| 942 |
_2ddc _cBK |
||
| 999 |
_c40100 _d40100 |
||